000
00300nam a22001337a 4500
008
181009b xxu||||| |||| 00| 0 eng d
020
_a
0805834931
041
_a
eng
080
_a
316
100
_a
50
101
_a
soc
245
_a
Progress In Infancy Research
_c
Levis.p.lo
942
_2
udc
_c
BK
999
_c
49225
_d
49225